| 000 | 01008cam a2200313 a 4500 | ||
|---|---|---|---|
| 001 | 12618978 | ||
| 003 | Ost | ||
| 005 | 20140310184239.0 | ||
| 008 | 011213s2001 nyu b 000 0 eng | ||
| 010 | _a 2001277906 | ||
| 020 | _a0439129729 (pbk.) | ||
| 040 |
_aDLC _cDLC _dDLC |
||
| 043 | _an-us--- | ||
| 050 | 0 | 0 |
_aE 185.86 _b.W474 2001 |
| 100 | 1 |
_aWilliams, Terrie. _910211 |
|
| 245 | 1 | 0 |
_aStay strong : _bsimple life lessons for teens / _cby Terrie Williams ; with an introduction by Queen Latifah. |
| 260 |
_aNew York : _bScholastic, _c2001. |
||
| 300 |
_axx, 219 p. ; _c23 cm. |
||
| 521 | _aG6 | ||
| 526 | _c890 | ||
| 650 | 0 |
_aAfrican American teenagers _vLife skills guides. _924668 |
|
| 650 | 0 |
_aAfrican American teenagers _xConduct of life. _924669 |
|
| 906 |
_a7 _bcbc _corignew _d2 _encip _f20 _gy-gencatlg |
||
| 942 |
_2lcc _cBK-SCHOLAS |
||
| 999 |
_c33245 _d33245 |
||